Sanat - "Paimenen syyslaulu" - Statistics

Yleistilastot
  • Tätä visaa on pelattu 5 kertaa
  • Keskiarvotulos 28 / 38
Vastaustilastot
Vastaus % Oikein
Lehti
100%
puusta
100%
variseepi
100%
en
75%
ikävään
75%
ikävään
75%
ja
75%
ja
75%
jäädä
75%
jäädä
75%
lentohon
75%
lintu
75%
lintu
75%
Minä
75%
pääsekään
75%
paimentyttö
75%
päivä
75%
pakenee
75%
pieni
75%
pieni
75%
pieni
75%
syksyhyn
75%
syksyhyn
75%
syksyn
75%
syksyn
75%
tänne
75%
tänne
75%
tänne
75%
tänne
75%
täytyy
75%
täytyy
75%
tieltä
75%
tieltä
75%
yötä
75%
kesämaille
50%
kesämaille
50%
rientelee
25%
rientelee
25%
Ehtoja vastaavia visoja ei löytynyt
Tulosjakauma
Jokaisen tuloksen saaneiden osuus
Persentiili vastausten määrän mukaan
Tuloshistoriasi
Et ole pelannut tätä visaa